| 000 | 01908nam a2200301 a 4500 | ||
|---|---|---|---|
| 001 | 000017126 | ||
| 003 | DO-SdBNP | ||
| 005 | 20171003133035.0 | ||
| 007 | 000017126 | ||
| 008 | 100318s2000 dr a 000 0 spa d | ||
| 020 | _z999340874 | ||
| 040 |
_aBPMSU _bspa _cBPMSU |
||
| 082 | 4 |
_aRD864.44 _bR457p |
|
| 100 | 1 |
_aReyes-Vsquez, Radhams, _d1952- |
|
| 245 | 1 | 0 |
_aParece que fue ayer : _b(los abismos de la memoria) / _cRadhams Reyes-Vsquez. |
| 260 |
_aSanto Domingo : _bCocolo, _c2000. |
||
| 300 |
_a177 p. : _bil. ; _c22 cm. |
||
| 500 | _aIncluye notas al pie de las páginas | ||
| 500 | _aIncluye datos biográficos del autor en las solapas | ||
| 505 | 0 |
_tLos nombre de la memoria, la memoria fugaz, aunque eterna -- _tMi generación mis contemporaneos -- _tAhora que aún perfuma el recuerdo -- _tEl destino no siempre fértil de Luis Alfredo Torres -- _tMiguel Alfonseca, más allá de la memoria -- _tFranklin Mieses Burgos sin mundo ya y herido por el cielo -- _tLas noches bohemias y las tardes apacibles de Antonio Fernández Spencer -- _tLa memoria viva de monseñor Oscar Robles Toledo o los dedos en la llaga -- _tManuel, la muerte no es un adiós -- _tBohemia y pasió de Antonio Zanglul -- _tMemorias de Moreno Domingo Jimenes -- _tPedro Mir entre nosotros -- _tUna visita de Manuel del Cabral -- _tEntre el poema y la sombra, un encuentro con el Dr. Balaguer -- _t Juan Bosch, el ejemplo -- _tFausto Rey, Ramoncito Sepúlvedza, El niche, Momi, el otro, el mismo, la bachata primera -- _tEl río sin rumor : la autopía del signo -- _tLas voces de Lupo Hernández Rueda. |
|
| 650 | 4 | _aENSAYOS DOMINICANOS | |
| 650 | 4 |
_aLITERATURA DOMINICANA _xCRÍTICA E INTERPRETACIÓN |
|
| 650 | 4 |
_aESCRITORES DOMINICANOS _xCRÍTICA E INTERPRETACIÓN |
|
| 910 | _aValidado. Control de calidad MFF | ||
| 942 |
_2ddc _cMP |
||
| 945 | _aInventariado / 2017 VM | ||
| 956 |
_aVMATEO _b10 _c20150415 _lBNPHU _h00151 |
||
| 999 |
_c7647 _d7647 |
||